Discursos leídos en la sesión inaugural del año académico de 1890-1891 en la Sociedad Española de Higiene celebrada en noviembre de 1890 / (Record no. 161358)

MARC details
000 -LEADER
campo de control de longitud fija 00920nam a22002055i 4500
001 - NÚMERO DE CONTROL
campo de control 161358
003 - IDENTIFICADOR DE NÚMERO DE CONTROL
campo de control ES-MaACL
005 - FECHA Y HORA DE LA ÚLTIMA TRANSACCIÓN
campo de control 20250929063233.0
008 - DATOS DE LONGITUD FIJA--INFORMACIÓN GENERAL
campo de control de longitud fija 020729s1890 sp |||| | spa d
100 0# - ENTRADA PRINCIPAL--NOMBRE DE PERSONA
Nombre de persona Parada y Santín, José,
Fechas asociadas al nombre 1857-1923
9 (RLIN) 88911
245 10 - MENCIÓN DEL TÍTULO
Título Discursos leídos en la sesión inaugural del año académico de 1890-1891 en la Sociedad Española de Higiene celebrada en noviembre de 1890 /
Mención de responsabilidad, etc. por José Parada y Santín y Nicasio Mariscal.
260 ## - PUBLICACIÓN, DISTRIBUCIÓN, ETC.
Lugar de publicación, distribución, etc. Madrid :
Nombre del editor, distribuidor, etc. [s.n.],
Fecha de publicación, distribución, etc. 1890 (
Fabricante Imp. de Enrique Teodoro)
300 ## - DESCRIPCIÓN FÍSICA
Extensión 19, 55 p. ;
Dimensiones 22 cm.
650 #4 - PUNTO DE ACCESO ADICIONAL DE MATERIA--TÉRMINO DE MATERIA
Término de materia o nombre geográfico como elemento de entrada Salubridad pública-
Subdivisión geográfica España.
9 (RLIN) 149328
650 #4 - PUNTO DE ACCESO ADICIONAL DE MATERIA--TÉRMINO DE MATERIA
Término de materia o nombre geográfico como elemento de entrada Salud pública-
Subdivisión geográfica España-
Subdivisión cronológica S.XIX.
9 (RLIN) 148681
700 1# - ENTRADA AGREGADA--NOMBRE PERSONAL
Nombre de persona Mariscal y García, Nicasio.
9 (RLIN) 76895
710 2# - ENTRADA AGREGADA--NOMBRE DE ENTIDAD CORPORATIVA
Nombre de entidad corporativa o nombre de jurisdicción como elemento de entrada Sociedad Española de Higiene.
9 (RLIN) 6725
852 ## - LOCALIZACIÓN
Ubicación ES-MaACL
Número de control de estantería T-528-F-10
Nota libre - Enc. hol., conservando cub. original
-- - Enc. en un vol. facticio
Holdings
Estatus retirado Estado de pérdida Estado de daño No para préstamo Colección Biblioteca de origen Biblioteca actual Ubicación en estantería Fecha de adquisición Total de préstamos Signatura topográfica completa Código de barras Visto por última vez Precio de reemplazo Tipo de ítem Koha
        Colección de folletos Biblioteca del Ateneo de Madrid Biblioteca del Ateneo de Madrid Depósito folletos 17/01/2008   T-528-F-10 1169013 23/02/2023 23/02/2023 Folleto